| 000 | 00617nam a2200145Ia 4500 | ||
|---|---|---|---|
| 008 | 170221s9999 xx 000 0 und d | ||
| 100 | _aAnita Kanestion | ||
| 245 | _aLexical Verbs in Malaysian University English Test Argumentative Essays: A Corpus-based Structural Analysis | ||
| 245 | _cAnita Kanestion, Manvender Kaur Sarjit Singh, Sarimah Shamsudin, Hishamuddin Isam, Naginder Kaur, Gurmit Singh Pertap Singh | ||
| 260 | _bInternational Review of Management and Marketing | ||
| 260 | _c2016 | ||
| 300 | _a15 : 12 | ||
| 650 | _xMarketing. | ||
| 856 | _uhttp://www.econjournals.com/index.php/irmm/issue/view/97 | ||
| 999 |
_c312136 _d312136 |
||